00538 2200205 4500001002100000005001500021035002000036007000300056008004100059020002200100082001100122084001700133100002000150245006100170250001000231260003400241300002600275650001800301990001300319INLIS00000000000070020171016102730 a0010-1017000254ta171016 f 0 ind  a978-979-077-069-0 a297.63 a297.63 IQB d0 aIqbal, Muhaimin1 aDinar Solution :bDinar sebagai solusi /cMuhaimin Iqbal aCet.1 aJakarta :bGema Insani,c2008 a222hlm ;c14,5 x 23cm aEkonomi Islam a1072 144